| 000 | 00512nam a2200181Ia 4500 | ||
|---|---|---|---|
| 001 | 59876 | ||
| 008 | 140520s9999 xx 000 0 und d | ||
| 020 | _a9781433813627 | ||
| 040 | _cPK-LaUMT | ||
| 082 |
_a 616.89156 _bLEB-C |
||
| 100 | _aLebow, Jay L. | ||
| 245 |
_aCouple and family therapy _ban integrative map of the territory _cLebow, Jay L. |
||
| 260 |
_aWashington,USA: _bAmerican Psychological Association, _c2014 |
||
| 300 | _a310 p. | ||
| 546 | _aEN | ||
| 650 | _aFamily psychotherpay | ||
| 942 | _cBK | ||
| 999 |
_c57204 _d57204 |
||